<?xml version="1.0" encoding="UTF-8"?>
<collection xmlns="http://www.loc.gov/MARC21/slim">
 <record>
  <leader>01701nam a2200421 i 4500</leader>
  <controlfield tag="001">38889</controlfield>
  <controlfield tag="003">BD-DhAAL</controlfield>
  <controlfield tag="005">20220614100356.0</controlfield>
  <controlfield tag="008">220614t2021    nyua     b    001 0 eng d</controlfield>
  <datafield tag="999" ind1=" " ind2=" ">
   <subfield code="c">44310</subfield>
   <subfield code="d">44310</subfield>
  </datafield>
  <datafield tag="010" ind1=" " ind2=" ">
   <subfield code="a">  2019017090</subfield>
  </datafield>
  <datafield tag="020" ind1=" " ind2=" ">
   <subfield code="a">9781260571387</subfield>
  </datafield>
  <datafield tag="020" ind1=" " ind2=" ">
   <subfield code="a">1260571386</subfield>
  </datafield>
  <datafield tag="020" ind1=" " ind2=" ">
   <subfield code="a">9781260232073</subfield>
  </datafield>
  <datafield tag="020" ind1=" " ind2=" ">
   <subfield code="a">1260232077</subfield>
  </datafield>
  <datafield tag="020" ind1=" " ind2=" ">
   <subfield code="a">9781260484588</subfield>
  </datafield>
  <datafield tag="020" ind1=" " ind2=" ">
   <subfield code="a">1260484580</subfield>
  </datafield>
  <datafield tag="040" ind1=" " ind2=" ">
   <subfield code="a">DLC</subfield>
   <subfield code="b">eng</subfield>
   <subfield code="c">DLC</subfield>
   <subfield code="e">rda</subfield>
   <subfield code="d">DLC</subfield>
   <subfield code="d">BD-DhAAL</subfield>
  </datafield>
  <datafield tag="042" ind1=" " ind2=" ">
   <subfield code="a">pcc</subfield>
  </datafield>
  <datafield tag="050" ind1="0" ind2="0">
   <subfield code="a">TA345</subfield>
   <subfield code="b">.C47 2021</subfield>
  </datafield>
  <datafield tag="082" ind1="0" ind2="0">
   <subfield code="a">518.02462</subfield>
   <subfield code="2">23</subfield>
  </datafield>
  <datafield tag="100" ind1="1" ind2=" ">
   <subfield code="a">Chapra, Steven C.,</subfield>
   <subfield code="e">author.</subfield>
   <subfield code="9">49286</subfield>
  </datafield>
  <datafield tag="245" ind1="1" ind2="0">
   <subfield code="a">Numerical methods for engineers /</subfield>
   <subfield code="c">Steven C. Chapra, Raymond P. Canale.</subfield>
  </datafield>
  <datafield tag="250" ind1=" " ind2=" ">
   <subfield code="a">Eighth edition.</subfield>
  </datafield>
  <datafield tag="264" ind1=" " ind2="1">
   <subfield code="a">New York, NY :</subfield>
   <subfield code="b">McGraw-Hill Education,</subfield>
   <subfield code="c">c2021.</subfield>
  </datafield>
  <datafield tag="300" ind1=" " ind2=" ">
   <subfield code="a">xvi, 988 pages :</subfield>
   <subfield code="b">illustrations ;</subfield>
   <subfield code="c">24 cm.</subfield>
  </datafield>
  <datafield tag="504" ind1=" " ind2=" ">
   <subfield code="a">Includes bibliographical references and index.</subfield>
  </datafield>
  <datafield tag="526" ind1=" " ind2=" ">
   <subfield code="a">EEE</subfield>
  </datafield>
  <datafield tag="541" ind1=" " ind2=" ">
   <subfield code="a">Trim Education</subfield>
   <subfield code="e">38889, 38890</subfield>
  </datafield>
  <datafield tag="650" ind1=" " ind2="0">
   <subfield code="a">Engineering mathematics</subfield>
   <subfield code="x">Data processing.</subfield>
   <subfield code="9">49287</subfield>
  </datafield>
  <datafield tag="650" ind1=" " ind2="0">
   <subfield code="a">Numerical calculations</subfield>
   <subfield code="x">Data processing</subfield>
   <subfield code="9">49288</subfield>
  </datafield>
  <datafield tag="650" ind1=" " ind2="0">
   <subfield code="a">Microcomputers</subfield>
   <subfield code="x">Programming.</subfield>
   <subfield code="9">49289</subfield>
  </datafield>
  <datafield tag="650" ind1=" " ind2="0">
   <subfield code="a">Electrical engineering.</subfield>
   <subfield code="9">49290</subfield>
  </datafield>
  <datafield tag="700" ind1="1" ind2=" ">
   <subfield code="a">Canale, Raymond P.,</subfield>
   <subfield code="e">author.</subfield>
   <subfield code="9">49291</subfield>
  </datafield>
  <datafield tag="852" ind1=" " ind2=" ">
   <subfield code="a">Ayesha Abed Library</subfield>
   <subfield code="c">General Stacks</subfield>
  </datafield>
  <datafield tag="942" ind1=" " ind2=" ">
   <subfield code="2">ddc</subfield>
   <subfield code="c">BK</subfield>
  </datafield>
  <datafield tag="952" ind1=" " ind2=" ">
   <subfield code="0">0</subfield>
   <subfield code="1">0</subfield>
   <subfield code="2">ddc</subfield>
   <subfield code="4">0</subfield>
   <subfield code="6">518_024620000000000_CHA</subfield>
   <subfield code="7">0</subfield>
   <subfield code="9">70804</subfield>
   <subfield code="a">BRACUL</subfield>
   <subfield code="b">BRACUL</subfield>
   <subfield code="c">GEN</subfield>
   <subfield code="d">2022-06-06</subfield>
   <subfield code="e">Trim Education</subfield>
   <subfield code="g">6690.00</subfield>
   <subfield code="l">7</subfield>
   <subfield code="m">65</subfield>
   <subfield code="o">518.02462 CHA</subfield>
   <subfield code="p">3010038890</subfield>
   <subfield code="r">2026-05-05</subfield>
   <subfield code="s">2026-02-05</subfield>
   <subfield code="t">2</subfield>
   <subfield code="v">6690.00</subfield>
   <subfield code="w">2022-06-06</subfield>
   <subfield code="y">BK</subfield>
  </datafield>
  <datafield tag="952" ind1=" " ind2=" ">
   <subfield code="0">0</subfield>
   <subfield code="1">0</subfield>
   <subfield code="2">ddc</subfield>
   <subfield code="4">0</subfield>
   <subfield code="6">518_024620000000000_CHA</subfield>
   <subfield code="7">0</subfield>
   <subfield code="9">70805</subfield>
   <subfield code="a">BRACUL</subfield>
   <subfield code="b">BRACUL</subfield>
   <subfield code="c">GEN</subfield>
   <subfield code="d">2022-06-06</subfield>
   <subfield code="e">Trim Education</subfield>
   <subfield code="g">6690.00</subfield>
   <subfield code="l">10</subfield>
   <subfield code="m">55</subfield>
   <subfield code="o">518.02462 CHA</subfield>
   <subfield code="p">3010038889</subfield>
   <subfield code="r">2025-11-23</subfield>
   <subfield code="s">2025-10-16</subfield>
   <subfield code="t">1</subfield>
   <subfield code="v">6690.00</subfield>
   <subfield code="w">2022-06-06</subfield>
   <subfield code="y">BK</subfield>
  </datafield>
 </record>
</collection>
